Five Nights at Freddy's Test - Statistics

General Stats
  • This quiz has been taken 335 times
  • The average score is 12 of 30
Answer Stats
Question Answer % Correct
Who is the oldest son of William Afton? Michael Afton
86%
What is the difference between The Bite of 87 and The Bite of 83? Fredbear did 83, 87 is unknown
74%
Who is considered the king of Five Nights at Freddy's? Markiplier
72%
What was Game Theory's first FNaF video based on? An incident at a Chuck E Cheese
69%
What inspired Scott Cawthon to create FNaF? Backlash on Chipper and Sons
66%
What is Spring Bonnie referred to as in the FNaF Movie? The Yellow Rabbit
62%
Who was considered the first person to be murdered by William Afton? Charlotte
59%
Before the release of the Ruin DLC, what was considered the cannon ending of Security Breach because of one thing in the files? Burntrap Ending
53%
Was the FNaF Movie Scott Cawthon's last major role in the franchise? No
51%
When did FNaF 1 release to the public? August 8, 2014
49%
What teaser was one of Scott Cawthon's most questionable? "See what you've all done" Mangle
47%
Which FNaF Game had a troll game before its release? Sister Location
44%
What head can occasionally replace the Ennard mask at the front of the Primary Control Module? Lolbit
40%
Who ported the original set of FNaF games on to consoles? Clickteam
33%
What famous FNaF theory is considered to be retconned? Dream Theory
32%
What FNaF theory did Matpat (Game Theory) make that is one of his most controversial theories to date? Gregbot Theory
32%
When does the FNaF Movie take place? 2000
31%
What did the original Fanverse line up consist of? FNaC 4, ONaF3, TJoC IC, PE, FNaF+
31%
Who is the green, kind of glitchy bear in FNaF World? Virtua-Freddy
31%
What is Mangle's confirmed gender? Yes
31%
What date did the FNaF Movie release in the US (not including premiere night) October 27, 2023
30%
What character does Jesse Adams voice in Sister Location? Angsty Teen
27%
Which character is NOT on the UCN roster? Nightmare Foxy
26%
How many FNaF games (including spinoffs) are there? (as of 11/14/23) 14
23%
Who voices the Puppet in UCN? Jene Rudas
23%
Which FNaF World character can appear on your desk in UCN? White Rabbit
23%
What did people think the children were saying when the FNaF 2 trailer was reversed? "Mike kill all"
22%
Which one of these was an actual scrapped FNaF Movie script? Plushies Take Over Manhatten
20%
Who was the first recorded person to have beaten 50/20 mode in UCN? Rhemery
16%
As of November 14, 2023, what is the most recent FNaF game? Freddy In Space 3
13%
No matching quizzes found
Score Distribution
Percent of People with Each Score
Percentile by Number Answered
Your Score History
You have not taken this quiz